书目信息 |
| 题名: |
十年传媒笔记
|
|
| 作者: | 邵忠 著 | |
| 分册: | ||
| 出版信息: | 天津 天津人民出版社 2009.03 |
|
| 页数: | 271页 | |
| 开本: | 22cm | |
| 丛书名: | 现代资讯丛书 | |
| 单 册: | ||
| 中图分类: | G237.5-53 | |
| 科图分类: | ||
| 主题词: | 期刊--qi kan--出版工作--中国--文集 | |
| 电子资源: | ||
| ISBN: | 978-7-201-06143-6 | |
| 000 | 00836nam 2200253 450 | |
| 001 | 012010641906 | |
| 005 | 20100604093724.26 | |
| 010 | @a978-7-201-06143-6@dCNY28.00 | |
| 100 | @a20100601d2009 em y0chiy0120 ea | |
| 101 | 0 | @achi |
| 102 | @aCN@b120000 | |
| 105 | @ay z 000yy | |
| 106 | @ar | |
| 200 | 1 | @a十年传媒笔记@Ashi nian chuan mei bi ji@f邵忠主编@Fshao zhong |
| 210 | @a天津@c天津人民出版社@d2009.03 | |
| 215 | @a271页@d22cm | |
| 225 | 2 | @a现代资讯丛书@Axian dai zi xun cong shu |
| 330 | @a本书的内容主要包括了:我奋进的鼓声,企业的社会责任,有思想更要有梦想,与狼斗,奋战不休,第三种知识分子等。 | |
| 410 | 0 | @12001 @a现代资讯丛书 |
| 606 | 0 | @a期刊@Aqi kan@x出版工作@y中国@j文集 |
| 690 | @aG237.5-53@v4 | |
| 701 | 0 | @a邵忠@Ashao zhong@4著 |
| 801 | 0 | @aCN@bQSSK@c20100604 |
| 905 | @b780309-11@dG237.5-53@eS336@f3 | |
| 十年传媒笔记/邵忠主编.-天津:天津人民出版社,2009.03 |
| 271页;22cm.-(现代资讯丛书) |
| ISBN 978-7-201-06143-6:CNY28.00 |
| 本书的内容主要包括了:我奋进的鼓声,企业的社会责任,有思想更要有梦想,与狼斗,奋战不休,第三种知识分子等。 |
| ● |
| 相关链接 |
|
|
|
正题名:十年传媒笔记
索取号:G237.5-53/S336
 
预约/预借
| 序号 | 登录号 | 条形码 | 馆藏地/架位号 | 状态 | 备注 |
| 1 | 780309 | 207803091 | 社科库409/409社科库 58排5列1层/ [索取号:G237.5-53/S336] | 在馆 | |
| 2 | 780310 | 207803108 | 社科库409/409社科库 58排5列1层/ [索取号:G237.5-53/S336] | 在馆 | |
| 3 | 780311 | 207803117 | 社科库409/409社科库 58排5列1层/ [索取号:G237.5-53/S336] | 在馆 |